000 00706nam a2200253Ia 4500
001 28051
005 20240114001030.0
007 ta
008 060602s1985 a g b000 u 465 u
040 _aCotton College,Assam
041 _a465
082 _a170
_bKi 19 Fe
100 _aKierkegaard, .
245 0 _aFear and Trembling: Dialectical Lyric by Johannes de Silentio /
_cKierkegaard.
_hTextual Documents
250 _a1st ed. /
260 _aNew York :
_bPenguin Books Ltd ,
_cC1985.
300 _a155p. :
_bill ;
_c22cm .
653 _aPhilosophical essays
653 _aG-Philosophy
700 _aHannay, Alastair .
942 _2ddc
_cBK
999 _c28033
_d28033